Perfiles criminales (Registro nro. 3628)

Detalles MARC
000 -Cabecera
Campo de control de longitud fija 00695aam a2200289 4500
005 - Fecha y hora de la última transacción
Campo de control 20260310191545.0
008 - Elementos de longitud fija--Información general
Campo de control de longitud fija 150227b2012 xxu||||| |||| 00| 0 eng d
020 ## - International Standard Book Number
Número Internacional Estándar del Libro (ISBN) 9788434401655
041 ## - Idioma
Código de idioma Español
082 ## - Clasificación Decimal Dewey
Número de clasificación 364.152.32 G241p2
100 ## - Entrada principal--Autor personal
Nombre personal Garrido Genovés, Vicente
245 ## - Título propiamente dicho
Título Perfiles criminales
250 ## - Edición
Mención de edición 2 edición
260 ## - Pie de imprenta
Lugar de publicación, distribución, etc. España
260 ## - Pie de imprenta
Nombre del editor, distribuidor, etc. Planeta
260 ## - Pie de imprenta
Fecha de publicación, distribución, etc. 2012
300 ## - Descripción física
Extensión 444 páginas
490 ## - Serie
Título de la Serie Investigación Criminal
650 ## - Materia general
Temática (materia general) CRIMINOLOGÍA
650 ## - Materia general
Temática (materia general) ANTISOCIALES
650 ## - Materia general
Temática (materia general) PSICOPATAS
650 ## - Materia general
Temática (materia general) PERFILES CRIMINALES
650 ## - Materia general
Temática (materia general) ASESINOS EN SERIE
650 ## - Materia general
Temática (materia general) VIOLACIÓN
650 ## - Materia general
Temática (materia general) SECUESTRO
942 ## - Punto de acceso adicional KOHA
Tipo de ítem KOHA Libro
Fuente del sistema de clasificación o colocación Dewey Decimal Classification
Existencias
Signatura completa Código de barras Programa Académico Tipo de ítem
364.152.32 G241p2 18501 Investigación Criminal Libro